Dingbats - Literature Edition - Statistics

General Stats
  • This quiz has been taken 109 times
  • The average score is 7 of 20
Answer Stats
Picture Answer % Correct
Nineteen Eighty-Four
77%
The Tin Drum
68%
Death on the Nile
59%
Howards End
53%
The Jungle Book
46%
Little Women
43%
The Divine Comedy
43%
Fahrenheit 451
37%
Tristram Shandy
32%
A Study in Scarlet
31%
The Old Man and the Sea
31%
In Cold Blood
30%
Pride and Prejudice
29%
Fifty Shades of Grey
28%
Slaughterhouse-Five
26%
Crime and Punishment
24%
Little Red Book
21%
Heart of Darkness
15%
Mostly Harmless
11%
The Constant Gardener
10%
No matching quizzes found
Score Distribution
Percent of People with Each Score
Percentile by Number Answered
Your Score History
You have not taken this quiz